Postaw na milion 357 - Statystyki

Ogólne statystyki
  • Ten quiz został rozwiązany 14 razy
  • Średni wynik to 6 z 11
Statystyki odpowiedzi
Zagadnienie Odpowiedź % Poprawnych
Która ludzka cecha jest według przysłowia pierwszym stopniem do piekła? ciekawość
93%
Wojska Jagiełły starły się z Krzyżakami w wielkiej bitwie pod Grunwaldem w 1410 roku. Którego dnia? 15 lipca
86%
W powieści Jana Brzechwy "Akademia Pana Kleksa", pomocnikiem Kleksa jest Mateusz, uczony... szpak
86%
Ile krawędzi ma graniastosłup o podstawie trójkąta? 9
64%
Dział medycyny zajmujący się diagnozowaniem i planowaniem leczenia chorób tętnic, żył i naczyń limfatycznych to: angiologia
64%
Które z tych państw graniczy na lądzie z największą liczbą państw? Niemcy
64%
Która z tych roślin należy do nagonasiennych? jałowiec
36%
Który filozof dla przedstawienia sytuacji poznawczej człowieka zastosował alegorię jaskini? Platon
36%
W której dziedzinie w 2024 roku przyznano Nagrodę Nobla za prace "umożliwiające uczenie maszynowe z użyciem sieci neuronowych"? fizyki
29%
Według badania z 2024 roku "Cyfrowy dobrostan Polaków" większość osób w wieku 18-64 lata uznała, że na co dzień spędza przed ekranami... nie za dużo czasu
14%
W 2023 roku w Polsce najwięcej dzieci urodziło się w... styczniu
0%
Nie znaleziono quizów pasujących do podanych kryteriów
Rozkład punktacji
Procent ludzi z każdym wynikiem
Percentyl według liczby udzielonych odpowiedzi
Twoja historia wyników
Nie rozwiązałeś tego quizu